00378 2200157 4500001002100000005001500021035002000036245006600056100001900122250000600141300001200147260002700159082000800186084001400194990001200208INLIS00000000000254720250604123935 a0010-06250001331 aHimpunan 50 Khotbah Jum'at Uswatun Khasanah /cAchmad Sunarto0 aAchmad Sunarto a1 a504 hlm bAmanah Surabaya,c2004 a200 a200 ACH h a0712330